Sueños y mitos de la literatura de masas

Gorde:
Xehetasun bibliografikoak
Egile nagusia: Brunori, Vittorio (Egilea)
Formatua: Liburua
Hizkuntza:gaztelania
Argitaratua: Barcelona Gustavo Gili 1980
Saila:Colección G G Mass-Media
Gaiak:
Etiketak: Etiketa erantsi
Etiketarik gabe, Izan zaitez lehena erregistro honi etiketa jartzen!

MARC

LEADER 00000nam a2200000 a 4500
001 UCY5989
003 CL-VaPUC
008 950521e19800000SP |||||||||||||||||spa|d
082 0 4 |a 809.3  |b BRU  |2 21 
100 0 |a Brunori, Vittorio  |e author  |9 335520 
245 1 0 |a Sueños y mitos de la literatura de masas 
246 1 0 |a Análisis crítico de la novela popular 
300 |a 273 p 
942 |c BK 
945 |d 19950521 00:00:00  |a rbrito 
260 |a Barcelona  |b Gustavo Gili  |c 1980 
650 7 |a NOVELAS  |2 CL-VaPUC  |9 333250 
650 7 |a LITERATURA POPULAR  |2 CL-VaPUC  |9 335521 
650 0 |a Crítica literaria   |9 269189 
650 7 |a INVESTIGACION LITERARIA  |2 CL-VaPUC  |9 324493 
650 0 |a Literatura  |9 259151 
650 0 |a Análisis literario  |9 318386 
583 |a last modification  |c 19950521 00:00:00  |k Rodrigo Vera 
490 0 |a Colección G G Mass-Media 
999 |c 233584  |d 233582 
952 |0 0  |1 0  |4 0  |6 809_300000000000000_BRU_1980  |7 0  |8 A  |9 239200  |a BIBCUR  |b BIBCUR  |d 2019-11-18  |i 3086380  |o 809.3 BRU 1980  |p 3086380  |r 2025-04-22  |w 2019-11-18  |y BK  |k PER